| 000 | 00711nam a2200265Ia 4500 | ||
|---|---|---|---|
| 003 | OSt | ||
| 005 | 20221005083301.0 | ||
| 006 | a|||||r|||| 00| 0 | ||
| 007 | ta | ||
| 008 | 221004b |||||||| |||| 00| 0 eng d | ||
| 020 | _a8176580066 | ||
| 024 | _a26066 | ||
| 037 | _cTextual | ||
| 040 |
_aCRL _cCRL _beng |
||
| 041 |
_2eng _aeng |
||
| 082 | _aX:77.2, P0 | ||
| 100 | _aBava Noorjahan Ed | ||
| 245 | 0 | _aDevelopment policies and administration in India | |
| 260 |
_aNew Delhi _bUppal _c2000 |
||
| 300 |
_a313p _ccm. |
||
| 490 | _aPublic policy and administration series 2 | ||
| 650 | _aECONOMICS | ||
| 942 |
_hX:77.2, P0 _cTEXL _2cc |
||
| 999 |
_c990578 _d990578 |
||